Normal view
MARC view
- الأشعري، أبي الحسن علي بن إسماعيل ، دراسة وتحقيق عباس صباغ
Entry Personal Name
001 - CONTROL NUMBER
- control field: 39715
003 - CONTROL NUMBER IDENTIFIER
- control field: JO-AjAnu
005 - DATE AND TIME OF LATEST TRANSACTION
- control field: 20230606080613.0
008 - FIXED-LENGTH DATA ELEMENTS
- fixed length control field: 230606|| aca||aabn | a|a d
040 ## - CATALOGING SOURCE
- Original cataloging agency: JO-AjAnu
- Transcribing agency: JO-AjAnu
100 ## - HEADING--PERSONAL NAME
- Personal name: الأشعري، أبي الحسن علي بن إسماعيل ، دراسة وتحقيق عباس صباغ
670 ## - SOURCE DATA FOUND
- Source citation: Work cat.: (JO-AjAnu)20365: الأشعري، أبي الحسن علي بن إسماعيل ، دراسة وتحقيق عباس صباغ, author, الإبانة عن أصول الديانة